000 00593nam a22001577a 4500
003 OSt
005 20151207101613.0
008 151207b xxu||||| |||| 00| 0 eng d
040 _cRUA
082 _aATM MOE 2006 B193 Or.1
100 _94439
_aMOEUN, NARIN.
245 _afishing by using mosquito net in peamro district, prey veng province (ការនេសាទដោយឧបករណ៍ស្បៃមុង ក្នុងស្រុកពាមរក៍ ខេត្តព្រៃវែង)
260 _aPhnom Penh
_bRUA
_c2006
300 _axi, 34p.
_bill.
_c29cm.
942 _2ddc
_cATM
999 _c4140
_d4140